Concerto in G : per oboe, due violini, viola e basso : kritická edice = critical edition /

Hlavní autor: Reichenauer, Antonín, 1694-1730
Další autoři: Vytlačil, Lukáš M., 1985-
Jazyk: Nelze použít, není lingvistický obsah
Vydáno: Praha : Togga, 2016
Vydání: Vydání první
Edice: Fontes Musicae Bohemiae
Témata:
Fyzický popis: 1 partitura (31 stran) + 5 hlasů : faksimile ; 30 cm
Hudebniny Hudebniny
Uloženo v:
LEADER 02350ncm a2200601 i 4500
001 nkc20172877600
003 CZ PrNK
005 20220526085502.0
007 qu
008 170201s2016 xr coaeg h nn zxx
015 |a cnb002877600 
020 |a 978-80-7476-108-9  |q (brožováno) 
024 2 |a 979-0-706565-00-2  |q (brožováno) 
028 2 1 |a FMB 1  |b Togga 
040 |a ABA001  |b cze  |e rda 
041 0 |g cze  |g eng 
043 |a e-xr--- 
045 |a v-v- 
048 |b wa01  |a sa02  |a sb01  |a ke 
072 7 |a 788  |x Hudba pro dechové nástroje  |2 Konspekt  |9 9 
080 |a 780.8:780.644.1  |2 MRF 
080 |a 78.082.4  |2 MRF 
080 |a 78.089.6.087  |2 MRF 
100 1 |a Reichenauer, Antonín,  |d 1694-1730  |7 xx0008015  |4 cmp 
240 1 0 |a Koncerty,  |m hoboj, smyčcový orchestr,  |r G dur  |7 aun2011626393 
245 1 0 |a Concerto in G :  |b per oboe, due violini, viola e basso : kritická edice = critical edition /  |c Antonín Reichenauer ; k vydání připravil Lukáš M. Vytlačil = edited by Lukáš M. Vytlačil 
250 |a Vydání první 
254 |a Partitura a hlasy 
264 1 |a Praha :  |b Togga,  |c 2016 
300 |a 1 partitura (31 stran) + 5 hlasů :  |b faksimile ;  |c 30 cm 
336 |a zápis hudby  |b ntm  |2 rdacontent 
337 |a bez média  |b n  |2 rdamedia 
338 |a svazek  |b nc  |2 rdacarrier 
382 0 1 |b hoboj  |n 1  |a housle  |n 2  |a viola  |n 1  |a basso  |n 1 
490 1 |a Fontes Musicae Bohemiae ;  |v 1 
500 |a Předmluva a kritická zpráva česky a anglicky 
500 |a Part basso 2x  |5 CZ-PrNK 
648 7 |a 18. století  |7 ch460556  |2 czenas 
650 0 7 |a hudba pro hoboj  |7 ph381227  |z Česko  |y 18. století  |2 czenas 
650 0 9 |a oboe music  |z Czechia  |y 18th century  |2 eczenas 
655 7 |a koncerty  |7 fd980071  |2 czenas 
655 7 |a partitury a hlasy  |7 fd186702  |2 czenas 
655 9 |a concertos  |2 eczenas 
655 9 |a scores and parts  |2 eczenas 
700 1 |a Vytlačil, Lukáš M.,  |d 1985-  |7 pna2006337805  |4 edt 
830 0 |a Fontes Musicae Bohemiae 
910 2 |a BOA001  |b Mus4-1384.875 
990 |a MU 
995 |a 01 
991 |b 201705  |c NOV 
925 |a hoboj; housle (2), viola, basso  |b Ob; Vl (2), Vla, bc 
996 6 |b 2610705766  |c Mus4-1384.875  |l MZK  |r Sklad / do 1 hodiny  |n 2  |p p.v.  |w 001609210  |u 000010  |a 1  |e BOA001  |j MZK50  |s P 
996 7 |b 2610706527  |c Mus4-1384.875  |l MZK  |r Sklad / do 1 hodiny  |n 3  |p kup  |w 001609210  |u 000020  |a 1  |e BOA001  |j MZK50  |s A